000 00366nam a2200133 i 4500
001 bg
100 1 _aŚPIEWLA, EDWARD
245 0 _aElektrofizjologiczne aspekty wpływu niektórych czynników środowiska na rośliny /
_cEdward Śpiewla.
260 _aLublin,
_c1983.
040 _cBPK
041 _apol
942 _cKS
008 s pl f |000 0 pol
999 _c22300
_d22300
856 _uhttp://koha.tu.koszalin.pl/cgi-bin/koha/opac-detail.pl?biblionumber=22300
_yKatalog online BPK